Velká Bytča, Slovensko Hotel "Heller"

Bibliographic Details
Other Authors: Paulík, V. (fotograf) (Photographer)
Format: Photo
Language:Slovak
PhysicalDescription:1 pohľadnica tónovaná do hneda 10x15 cm
Published: Velká Bytča Nakl. Jozef Hlucháň, hl. skl. tab. [medzi 1905 a 1946?]
Subjects:

MARC

LEADER 00000nkmaa2200000 a 4500
001 vtls010632198
003 SK-MaSNL
005 20260331210019.0
007 kf ao
008 231204q1905 xo ||00 k|slo
035 |a E8598960-AF2B-41BF-835F-929DD0CC068D 
035 |a urn:nbn:sk:snk-kmxwc2 
035 |a urn:nbn:sk:snk-km001wxk 
040 |a SNKLA  |b slo  |c SNKLA  |e AACR2 
041 0 |a slo 
044 |a xo  |c SK 
100 1 |a Paulík, V.  |c (fotograf)  |4 pht  |9 299868 
245 1 0 |a Velká Bytča, Slovensko  |h [grafika]  |b Hotel "Heller"  |c Foto V. Paulík, Kyjov 
260 |a Velká Bytča  |b Nakl. Jozef Hlucháň, hl. skl. tab.  |c [medzi 1905 a 1946?] 
300 |a 1 pohľadnica  |b tónovaná do hneda  |c 10x15 cm 
651 7 |a Bytča (Slovensko)  |2 SNKPH  |9 16707 
651 7 |a Slovensko  |2 SNKPH  |9 14231 
655 7 |a geografické pohľadnice  |2 SNKPH  |9 70522 
958 |a BLA 
999 |c 583166  |d 585096 
952 |a SNKLA  |b SNKLA  |c SNKLA_DEP  |y NEVYP  |7 0  |p 17A1006408  |o snkPB 68/8  |i snkLA 3792/1970  |0 0  |1 0  |4 0  |d 2014-10-31  |f 1  |l 0  |r 2026-02-23 14:58:42  |w 2026-02-23